Catálogo

Vista normal Vista MARC

Entrada Personal Name

Número de registros utilizados en: 1

001 - CONTROL NUMBER

  • control field: 11419

003 - CONTROL NUMBER IDENTIFIER

  • control field: DLC

005 - DATE AND TIME OF LATEST TRANSACTION

  • control field: 20210428141427.0

008 - FIXED-LENGTH DATA ELEMENTS

  • fixed length control field: 191122n| azannaabn |a aaa c

010 ## - LIBRARY OF CONGRESS CONTROL NUMBER

  • LC control number: ns2019003612

035 ## - SYSTEM CONTROL NUMBER

  • System control number: (CaEvSKY)skya12126179

040 ## - CATALOGING SOURCE

  • Original cataloging agency: MX-SlUA
  • Language of cataloging: spa
  • Description conventions: rda
  • Transcribing agency: Mx-PuUPA
  • Modifying agency: Mx-PuUPA

100 1# - HEADING--PERSONAL NAME

  • Personal name: Soriano Casas, Rodolfo,

372 ## - FIELD OF ACTIVITY

  • Field of activity: Documentoscopia

374 ## - OCCUPATION

  • Occupation: Autor

375 ## - GENDER

  • Gender: hombre
  • Source of term: lcdgt

377 ## - ASSOCIATED LANGUAGE

  • Language code: spa

400 1# - SEE FROM TRACING--PERSONAL NAME

  • Personal name: Casas, Rodolfo Soriano

670 ## - SOURCE DATA FOUND

  • Source citation: Documentoscopía, 2018:
  • Information found: title page (Rodolfo Soriano Casas)